00365 a2200145 4500003000400000005001700004008004100021020001800062040000900080082002100089100001900110245004900129260003300178300000800211OSt20231103120146.0231103b |||||||| |||| 00| 0 eng d a9789380081496 coclc a297.57082bSHA/W aShariati, Ali  aWomen in the prophet's heart /cAli Shariati aKerala:bOther Books,c2018. a79p